| 000 | 00553pam a2200217 i 4500 | ||
|---|---|---|---|
| 001 | 1304030 | ||
| 005 | 20180222042852.0 | ||
| 008 | 771005s1978 nyua b 001 0 eng | ||
| 010 | _a 77020504 | ||
| 020 | _a0030899648 | ||
| 040 |
_aDLC _cDLC _dDLC |
||
| 041 | _aeng | ||
| 080 | _a157 | ||
| 082 | 0 | 0 | _a157 PRI |
| 100 | 1 | _a49 | |
| 101 | _aPSI | ||
| 245 | 1 | 0 |
_aAbnormal behavior : _cRichard H. Price. |
| 504 | _aBibliography: p. 255-267. | ||
| 906 |
_a7 _bcbc _corignew _d1 _eocip _f19 _gy-gencatlg |
||
| 942 |
_2ddc _cBK |
||
| 999 |
_c43148 _d43148 |
||